Протестът (Запис номер 188722)
[ съкратено ]
| 000 -Лидер | |
|---|---|
| Контролно поле с фиксирана дължина | 00923nam a2200277 c 4500 |
| 003 - Код на организацията, давaща контролен номер | |
| Контролно поле | BLK |
| 005 - Дата и час на последна редакция | |
| Контролно поле | 20221207161735.0 |
| 008 - Елементи от данни с фиксирана дължина | |
| fixed length control field | 180411b bul|||||r ||||||| ||bul|| |
| 010 ## - Наследен системен номер | |
| LC control number | KNG00197741000 |
| 040 ## - Източник на каталожния запис | |
| Идентификатор на билиотеката - собственик на записа | BLK |
| 041 ## - Код за език | |
| Код за езика на текст/звукозапис или на отделно заглавие | Български |
| Код за езика КДБФ | Български |
| 080 ## - УДК | |
| Текстов определител УДК | Българска литература |
| УДК код - определител по УДК | 821.163.2 |
| УДК определител | -32 |
| УДК - код + определител | 821.163.2-32 |
| 100 1# - Редна дума - Автор | |
| Автор | Цончев, Дончо Стефанов |
| Авторска отговорност | първи автор |
| R(LIN) | 367144 |
| 139 ## - Редно поле | |
| Редна дума | Цончев, Дончо Стефанов |
| Авторски знак | Цонч - Ц 85 |
| 245 10 - Сведения за заглавието | |
| Заглавие | Протестът |
| Подзаглавни данни | Разкази |
| Редно поле (дума) | Дончо Цончев. |
| 257 ## - Страна на издаване | |
| Страна на създаване/издаване | България |
| 260 ## - Област на издателските данни | |
| Място на издаване, разпространение и проч. | София |
| Име на издателя, разпространителя и проч. | Бълг. писател |
| Година на издаване | 1981 |
| 300 ## - Физическа характеристика | |
| Страници | 175 с. |
| Размери/Мащаб | 21 см |
| 380 ## - Жанр | |
| Жанр | Худож. лит. |
| 500 ## - Общи забележки | |
| Забележка | 20 113 тир. ; 2 113 тир. подв. |
| 852 ## - Местоположение | |
| Форматна сигнатура | Цб 106692 |
| 856 4# - Електронен адрес и достъп | |
| Електронен формат | pdf - файл |
| Инструкция (цена за достъп) | 0.00 |
| Права за достъп | disable |
| 856 4# - Електронен адрес и достъп | |
| Електронен формат | pdf - файл |
| Инструкция (цена за достъп) | 0.00 |
| Права за достъп | disable |
| 999 ## - СИСТЕМНИ КОНТРОЛНИ НОМЕРА | |
| Koha biblionumber | 188722 |
| Koha biblioitemnumber | 188722 |
| 942 ## - АРТИКУЛИ | |
| Вид на библиотечния материал | Книги |
| Скрит в OPAC | Не |
| Koha issues (borrowed), all copies | 1 |
| Периодичен библиозапис | Да |
| 944 ## - СЪЗДАВАНЕ И РЕДАКЦИЯ на ЗАПИСА | |
| Създаване/Редакция | Създаване |
| Дата на регистрацията/редакция | 09.12.2016 |
| Служител, извършил регистрацията/редакцията | Кети_Илиева |
| 944 ## - СЪЗДАВАНЕ И РЕДАКЦИЯ на ЗАПИСА | |
| Създаване/Редакция | Редакция |
| Дата на регистрацията/редакция | 09.12.2016 |
| Служител, извършил регистрацията/редакцията | Кети_Илиева |
| 999 ## - СИСТЕМНИ КОНТРОЛНИ НОМЕРА | |
| Koha biblioitemnumber | 188722 |
| Код за отписване | Код за изгубен артикул | Източник на класификационната схема | Код за повреда | Коз за рестрикции | Код за отдаване | Артикулен № | Име на библиотеката - собственик | Име на библиотеката, в която се намира в момента | Статус (Текущо местоположение) | Дата на вписване в системата | Местоположение - отдел | Цена в лева | Инвентарен номер | Систематично азбучна сигнатура | Баркод | Номер на екземпляра | Цена в евро | Служебна бележка | Служебен тип на артикула | Бележка за публиката |
|---|---|---|---|---|---|---|---|---|---|---|---|---|---|---|---|---|---|---|---|---|
| Не е изгубен | Universal Decimal Classification | Не е повреден | само за читалня | ползва се в читалня | 331576 | Регионална библиотека "Любен Каравелов" Русе | Регионална библиотека "Любен Каравелов" Русе | Хранилище | 1981-01-01 | Хранилище | 1.21 | 317930 | Цб 106692 | 120000317930 | 1 | 0.62 | Вид: Сф Дата: 01.01.1981 | Книги | ||
| Изтеглен | Не е изгубен | Universal Decimal Classification | Не е повреден | без рестрикции | заемане за дома | 331577 | Регионална библиотека "Любен Каравелов" Русе | Регионална библиотека "Любен Каравелов" Русе | Заемна - подръчен фонд | 1981-01-01 | Заемна - подръчен фонд | 0.98 | 318784 | П 886.7-32/Ц 85 | 318784 | 2 | 0.50 | Вид: Сф Дата: 01.01.1981 | Книги | |
| Изтеглен | Не е изгубен | Не е повреден | без рестрикции | заемане за дома | 331578 | Регионална библиотека "Любен Каравелов" Русе | Регионална библиотека "Любен Каравелов" Русе | 1981-01-01 | Заемна - подръчен фонд | 0.98 | 318785 | П 886.7-32/Ц 85 | 318785 | 3 | 0.50 | Вид: Сф Дата: 01.01.1981 | Книги | Отч.N: 3 , Дата: 17.01.2018 | ||
| Изтеглен | Не е изгубен | Не е повреден | без рестрикции | заемане за дома | 331579 | Регионална библиотека "Любен Каравелов" Русе | Регионална библиотека "Любен Каравелов" Русе | 1981-01-01 | Заемна - подръчен фонд | 0.98 | 318788 | П 886.7-32/Ц 85 | 318788 | 4 | 0.50 | Вид: Сф Дата: 01.01.1981 | Книги | Отч.N: 3 , Дата: 17.01.2018 | ||
| Изтеглен | Не е изгубен | Universal Decimal Classification | Не е повреден | без рестрикции | заемане за дома | 331580 | Регионална библиотека "Любен Каравелов" Русе | Регионална библиотека "Любен Каравелов" Русе | Заемна - подръчен фонд | 1981-01-01 | Заемна - подръчен фонд | 1.21 | 318790 | П 886.7-32/Ц 85 | 318790 | 5 | 0.62 | Вид: Сф Дата: 01.01.1981 Дата инв: 09.02.2018 Бележки инв: П2018 | Книги |